Ωρες σκηνής : ένα θεατρικό συνέδριο και ματιές σε μια θεατρική προσφορά
Αποθηκεύτηκε σε:
| Κύριος συγγραφέας: | |
|---|---|
| Άλλοι συγγραφείς: | |
| Μορφή: | Βιβλίο |
| Γλώσσα: | Greek |
| Δημοσίευση: |
Αθήνα :
Σεργιάδη,
1953
|
| Θέματα: | |
| Ετικέτες: |
Προσθήκη ετικέτας
Δεν υπάρχουν, Καταχωρήστε ετικέτα πρώτοι!
|
MARC
| LEADER | 00000nam a2200000 i 4500 | ||
|---|---|---|---|
| 001 | 1/46542 | ||
| 008 | 961121s1953 gre d | ||
| 035 | |l 10026339 | ||
| 040 | |a GR-MY-UA |b gre |e aacr | ||
| 041 | 0 | |a gre | |
| 082 | 0 | |a 792 | |
| 100 | 1 | |a Γληνός, Γεώργιος Α. | |
| 245 | 1 | 0 | |a Ωρες σκηνής : |b ένα θεατρικό συνέδριο και ματιές σε μια θεατρική προσφορά / |c Γεωργίου Γληνού Α. ; Επιμ:Νέστορα Μάτσα |
| 260 | |a Αθήνα : |b Σεργιάδη, |c 1953 | ||
| 300 | |a 336 σ. | ||
| 500 | |a Περιέχει φωτογραφίες | ||
| 650 | 0 | 0 | |a Theater |z Greece. |
| 700 | 1 | |a Μάτσας, Νέστορας |d 1932- |4 edt | |
| 852 | |a INST |b CHIOS |e 19961121 |h 792 ΓΛΗ |p 005200011865 |q 005200011865 |t BK |y 0 | ||
| 909 | |a Χ |b 047835 | ||